Jurídica : Anuario de la Escuela de Derecho de la Universidad Iberoamericana : número 1, volumen I, julio 1969 /

Salvato in:
Dettagli Bibliografici
Altri autori: Borja Martínez, Manuel (dirección) (dirección)
Natura: Libro
Lingua:spagnolo
Pubblicazione: México : Universidad Iberoamericana, Departamento de Derecho, 1969, c1969
Tags: Aggiungi Tag
Nessun Tag, puoi essere il primo ad aggiungerne!!

MARC

LEADER 00000nam^a2200000^a^4500
001 000444178
005 20250521000000.0
009 20260310123510.741
037 |a Acervo Xavier Clavigero 
041 |a ESP 
091 |a FCA. 00424 
245 0 0 |a Jurídica :  |b Anuario de la Escuela de Derecho de la Universidad Iberoamericana : número 1, volumen I, julio 1969 / 
264 4 |a México :  |b Universidad Iberoamericana, Departamento de Derecho,  |c 1969, c1969 
300 |a 238 p. 
336 |a texto  |b txt  |2 rdacontenido 
337 |a sin mediación  |b n  |2 rdamedio 
338 |a volumen  |b nc  |2 rdasoporte 
649 |a XX 
700 |a Borja Martínez, Manuel  |e (dirección) 
910 |a Fondo Xavier Cacho Vázquez S.J. 
920 |a Impresos - Libros 
930 |a Fondos Especiales 
905 |a 131 
901 |a 0500331221  |b IT2  |c ESP  |i D6811  |u 20250521 
902 |a https://opac.biblio.iteso.mx/vufind/Record/000444178